Регионална библиотека "Любен Каравелов" - Русе

Основни интонационни контури в българското изречение (Запис номер 186803)

MARC детайли
000 -Лидер
Контролно поле с фиксирана дължина nam a22 a 4500
003 - Код на организацията, давaща контролен номер
Контролно поле BLK
005 - Дата и час на последна редакция
Контролно поле 20221202120906.0
008 - Елементи от данни с фиксирана дължина
fixed length control field 180411b bul|||||r ||||||| ||bul||
010 ## - Наследен системен номер
LC control number KNG00195799000
040 ## - Източник на каталожния запис
Идентификатор на билиотеката - собственик на записа BLK
041 ## - Код за език
Код за езика на текст/звукозапис или на отделно заглавие Български
Код за езика КДБФ Български
080 ## - УДК
Текстов определител УДК Славянски и балтийски езици
УДК код - определител по УДК 811.16/.17
УДК определител (497.2)
УДК - код + определител 811.16/.17(497.2)
100 1# - Редна дума - Автор
Автор Пенчев, Йордан Пенчев
Авторска отговорност първи автор
R(LIN) 368338
139 ## - Редно поле
Редна дума Пенчев, Йордан Пенчев
Авторски знак Пенч - П 36
245 10 - Сведения за заглавието
Заглавие Основни интонационни контури в българското изречение
Подзаглавни данни Изследване
Редно поле (дума) Йордан Пенчев.
257 ## - Страна на издаване
Страна на създаване/издаване България
260 ## - Област на издателските данни
Място на издаване, разпространение и проч. София
Име на издателя, разпространителя и проч. БАН
Година на издаване 1980
300 ## - Физическа характеристика
Страници 194 с.
Илюстрации и др. с табл.
Размери/Мащаб 25 см
380 ## - Жанр
Жанр Езикознание. Филология
500 ## - Общи забележки
Забележка ИЗД. на БАН. Инст. за бълг. ез. - 800 тир. - Азб. показалец.
504 ## - Забележка за наличие на библиография и др
Забележка за наличие на библиография и под. Библиогр. с. 189-190.
650 #4 - Допълнително описание по предмет – тема
Основно описание – тема или топоним Български език - синтаксис
9 (RLIN) 245189
852 ## - Местоположение
Форматна сигнатура Цб 102241
856 4# - Електронен адрес и достъп
Електронен формат pdf - файл
Инструкция (цена за достъп) 0.00
Права за достъп disable
856 4# - Електронен адрес и достъп
Електронен формат pdf - файл
Инструкция (цена за достъп) 0.00
Права за достъп disable
999 ## - СИСТЕМНИ КОНТРОЛНИ НОМЕРА
Koha biblionumber 186803
Koha biblioitemnumber 186803
942 ## - АРТИКУЛИ
Вид на библиотечния материал Книги
Скрит в OPAC Не
Периодичен библиозапис Да
944 ## - СЪЗДАВАНЕ И РЕДАКЦИЯ на ЗАПИСА
Създаване/Редакция Създаване
Дата на регистрацията/редакция 11.11.2016
Служител, извършил регистрацията/редакцията Грета_Цуфелде
944 ## - СЪЗДАВАНЕ И РЕДАКЦИЯ на ЗАПИСА
Създаване/Редакция Редакция
Дата на регистрацията/редакция 11.11.2016
Служител, извършил регистрацията/редакцията Грета_Цуфелде
999 ## - СИСТЕМНИ КОНТРОЛНИ НОМЕРА
Koha biblioitemnumber 186803
Наличности
Код за отписване Код за изгубен артикул Източник на класификационната схема Код за повреда Коз за рестрикции Код за отдаване Артикулен № Име на библиотеката - собственик Име на библиотеката, в която се намира в момента Статус (Текущо местоположение) Дата на вписване в системата Местоположение - отдел Цена в лева Инвентарен номер Систематично азбучна сигнатура Баркод Номер на екземпляра Цена в евро Служебна бележка Служебен тип на артикула
  Не е изгубен Universal Decimal Classification Не е повреден само за читалня ползва се в читалня 325628 Регионална библиотека "Любен Каравелов" Русе Регионална библиотека "Любен Каравелов" Русе Хранилище 1980-01-01 Хранилище 2.71 299660 Цб 102241 120000299660 1 1.39 N: стар фонд Дата: 01.01.1980 Книги
Изтеглен Не е изгубен Universal Decimal Classification Не е повреден без рестрикции заемане за дома 325629 Регионална библиотека "Любен Каравелов" Русе Регионална библиотека "Любен Каравелов" Русе Заемна - подръчен фонд 1980-01-01 Заемна - подръчен фонд 2.71 301617 П 808/П 36 301617 2 1.39 N: стар фонд Дата: 01.01.1980 Дата инв: 08.02.2018 Бележки инв: П2018 Книги
Vip Innovations Ltd, Rousse, Bulgaria 2025